Les métamorphoses du travail. (notice n° 2224234)

détails MARC
000 -LEADER
fixed length control field 01607cam a2200169 4500500
005 - DATE AND TIME OF LATEST TRANSACTION
control field 20260426012536.0
041 ## - LANGUAGE CODE
Language code of text/sound track or separate title fre
042 ## - AUTHENTICATION CODE
Authentication code dc
100 10 - MAIN ENTRY--PERSONAL NAME
Personal name Goguel d’Allondans, Alban
Relator term author
245 00 - TITLE STATEMENT
Title Les métamorphoses du travail.
260 ## - PUBLICATION, DISTRIBUTION, ETC.
Date of publication, distribution, etc. 2005.<br/>
500 ## - GENERAL NOTE
General note 87
520 ## - SUMMARY, ETC.
Summary, etc. La remise en cause du modèle industriel fordiste ne provoque pas la disparition du travail, mais sa transformation laquelle induit une instabilité institutionnelle. Le travail salarié constitué en norme sociale dominante de la vie sociale a été le moteur de la croissance économique des années 1950-1970. La globalisation des économies et la libre circulation des travailleurs ont provoqué la déconstruction de ce modèle. Quels sont les changements en cause ? Quelles sont les analyses formulées ? Quelles sont les réponses institutionnelles apportées ?
520 ## - SUMMARY, ETC.
Summary, etc. Labour metamorphosis. Requiem for salaried employment? The questioning of the fordist industrial model does not mean the end of labour, but its transformation in a context of institutional instability. The salaried work, as a dominant social standard, has been the engine of the economic expansion during the 1950-1970s. The economic globalization and the free circulation of workers has led to the destruction of this industrial model. What are the transformations? What is the sociological analysis of this question? What are the institutional answers?
786 0# - DATA SOURCE ENTRY
Note Innovations | 22 | 2 | 2005-09-01 | p. 9-32 | 1267-4982
856 41 - ELECTRONIC LOCATION AND ACCESS
Uniform Resource Identifier <a href="https://shs.cairn.info/revue-innovations-2005-2-page-9?lang=fr&redirect-ssocas=7080">https://shs.cairn.info/revue-innovations-2005-2-page-9?lang=fr&redirect-ssocas=7080</a>

Pas d'exemplaire disponible.

PLUDOC

PLUDOC est la plateforme unique et centralisée de gestion des bibliothèques physiques et numériques de Guinée administré par le CEDUST. Elle est la plus grande base de données de ressources documentaires pour les Étudiants, Enseignants chercheurs et Chercheurs de Guinée.

Adresse

627 919 101/664 919 101

25 boulevard du commerce
Kaloum, Conakry, Guinée

Réseaux sociaux

Powered by Netsen Group @ 2025